| 000 | 00803nam a22002177a 4500 | ||
|---|---|---|---|
| 999 |
_c1503 _d1503 |
||
| 003 | AR-CdUCM | ||
| 008 | 190227b ||||| |||| 00| 0 spa d | ||
| 040 |
_aMUNICIPALIDAD PROVINCIAL DEL CUSCO _cBIBLIOTECA MUNICIPAL DEL CUSCO |
||
| 082 |
_a985.61 / _bP78 |
||
| 100 |
_aPortillo, María del Carmen _95696 |
||
| 245 |
_aCusco : porvenir de una región : _bpropuestas para un debate / |
||
| 260 |
_aCusco : _bCentro Bartolome de las Casas, _c1982. |
||
| 300 |
_a30 páginas ; _bimagenes _c21.5 cm. |
||
| 440 |
_aCuadernos para el debate regional _n8 _95697 |
||
| 505 | _aLa región cusqueña -- El espacio regional -- La cuestión del centralismo | ||
| 650 |
_aEconomía colonial _94082 |
||
| 650 |
_aExplotación minera _94957 |
||
| 650 |
_a1545 _95698 |
||
| 942 |
_2ddc _cLIBROS |
||
| 945 |
_aafb _d2019-02-27 |
||